Understanding the Universe: (Record no. 188605)

MARC details
000 -LEADER
fixed length control field 00656nam a22001817a 4500
005 - DATE AND TIME OF LATEST TRANSACTION
control field 20220527173118.0
010 ## - LCCN (DPL NO)
LC control number ENG-132868
020 ## - INTERNATIONAL STANDARD BOOK NUMBER
International Standard Book Number 9788182204225
Terms of availability 1000.00
035 ## - SYSTEM CONTROL NUMBER
System control number EN-116400
037 ## - SOURCE OF ACQUISITION
Source of stock number/acquisition DBAD/PUB
082 ## - DEWEY DECIMAL CLASSIFICATION NUMBER
Classification number 523.1
100 ## - MAIN ENTRY--PERSONAL NAME
Personal name Chandrasekharan, P.C.
245 ## - TITLE STATEMENT
Title Understanding the Universe:
Remainder of title From the Quantum World of the infinitesimal to the Cosmic Realm of the Infinite/
Statement of responsibility, etc P.C. Chandrasekharan
260 ## - PUBLICATION, DISTRIBUTION, ETC. (IMPRINT)
Place of publication, distribution, etc New Delhi
Name of publisher, distributor, etc Global Vision Publishing House
Date of publication, distribution, etc 2011
270 ## - ADDRESS
Address 20, Ansari Road, Daryaganj
City New Delhi
Postal code 110002
Electronic mail address nsingh_2004@vsnl.net
300 ## - PHYSICAL DESCRIPTION
Extent 279p.
Other physical details Index
Dimensions 23cm(hbk)
942 ## - ADDED ENTRY ELEMENTS (KOHA)
Source of classification or shelving scheme Dewey Decimal Classification
Item type English Books
Classification part 523.1
Call number suffix CHA
Holdings
Withdrawn status Lost status Not for loan Collection code Home library Current library Date acquired Source of acquisition Cost, normal purchase price Full call number Barcode Copy number Cost, replacement price Koha item type
      Non-fiction Patel Nagar Patel Nagar 27/05/2022 DBAD/PUB 1000.00 523.1 CHA EN-116400 1 1000.00 English Books

© Delhi Public Library
Hit Counter
free hit counter